| Tag |
First Indicator |
Second Indicator |
Subfields |
| LEADER |
00000cam a2200000 a 4500 |
| 001 |
in00000765005 |
| 005 |
20151017050912.0 |
| 008 |
890103s1988 nyuad bs 00010 eng d |
| 020 |
|
|
|a 0823703630
|
| 035 |
|
|
|a (OCoLC)18957935
|
| 035 |
|
|
|9 ADK3282AM
|
| 040 |
|
|
|a TXA
|c TXA
|d OHI
|d TXA
|d UtOrBLW
|
| 049 |
|
|
|a TXAM
|c [A12670892]
|
| 050 |
|
4 |
|a HF5549.5.C6
|b T76 1988
|
| 100 |
1 |
|
|a Troy, Kathryn.
|
| 245 |
1 |
0 |
|a Employee communications :
|b new top-management priority /
|c by Kathryn L. Troy.
|
| 264 |
|
1 |
|a New York :
|b The Conference Board, Inc.,
|c [1988]
|
| 264 |
|
4 |
|c ©1988
|
| 300 |
|
|
|a ix, 51 pages :
|b illustrations, charts ;
|c 28 cm.
|
| 336 |
|
|
|a text
|b txt
|2 rdacontent
|
| 337 |
|
|
|a unmediated
|b n
|2 rdamedia
|
| 338 |
|
|
|a volume
|b nc
|2 rdacarrier
|
| 490 |
1 |
|
|a Conference Board research report ;
|v no. 919
|
| 504 |
|
|
|a Includes bibliographical references.
|
| 650 |
|
0 |
|a Communication in personnel management.
|
| 710 |
2 |
|
|a Conference Board.
|
| 830 |
|
0 |
|a Conference Board report ;
|v no. 919.
|
| 999 |
|
|
|a MARS
|
| 999 |
f |
f |
|s d1394a85-19eb-398e-8128-d22068d19ac1
|i 499413f2-b182-32ec-943e-f281c7c9b218
|t 0
|
| 952 |
f |
f |
|p ric
|a Texas A&M University
|b Rellis Campus
|c Joint Library Facility
|d Remote Storage
|t 0
|e HF5549.5.C6 T76 1988
|h Library of Congress classification
|i unmediated -- volume
|m A14812670892
|
| 998 |
f |
f |
|a HF5549.5.C6 T76 1988
|t 0
|l Remote Storage
|